000 00369nam a22001577a 4500
005 20160701103809.0
008 160701b xxu||||| |||| 00| 0 eng d
020 _a978-81-230-1978-9
041 _aeng
082 _b20185
245 _aIndia 2015
260 _bMinistry of IB council of India
_c2015
300 _a1112
650 _aReference Book
_93343
942 _cBK
999 _c4998
_d4996